Matilda

Bibliographic Details
Main Author: Dahl, Roald
Other Authors: Blake, Quentin (illustrated)
Format: Book
Published: Oxford : Heinemann Educational , 1991
Subjects:

MARC

LEADER 00000cam a2200000 7i4500
001 0000008723
002 000009505
005 20000330.0
020 |a 043512398X 
090 0 0 |a JF   |b DAH 
100 1 |a Dahl, Roald 
245 1 0 |a Matilda   |c Roald Dahl ; illustrated by Quentin Blake 
260 |a Oxford :   |b Heinemann Educational ,   |c 1991 
300 |a 240p. :   |b ill. ;   |c 19cm. 
650 0 0 |a Children's stories 
700 1 |a Blake, Quentin ,   |e illustrated 
999 |a 048480   |b BUKU   |c PINJAMAN   |e PERPUSTAKAAN KOMUNITI PETALING JAYA 
999 |a 048481   |b BUKU   |c PINJAMAN   |e PERPUSTAKAAN KOMUNITI PETALING JAYA 
999 |a 048482   |b BUKU   |c PINJAMAN   |e PERPUSTAKAAN KOMUNITI PETALING JAYA 
999 |a 053689   |b BUKU   |c PINJAMAN   |e PERPUSTAKAAN KOMUNITI PETALING JAYA 
999 |a 053690   |b BUKU   |c PINJAMAN   |e PERPUSTAKAAN KOMUNITI PETALING JAYA